|
|
|
|
| LEADER |
00000nab a2200000 a 4500 |
| 001 |
vtls000418461 |
| 003 |
SK-MaSNL |
| 005 |
20260319075323.0 |
| 008 |
120925c1989 xo 0 slo |
| 015 |
|
|
|a SNBRA19rr/mm-uuuuu
|
| 035 |
|
|
|a CL0418586
|
| 040 |
|
|
|a SNKBUCL
|b slo
|c SNKBUCL
|e AACR2
|
| 041 |
0 |
|
|a slo
|
| 044 |
|
|
|a xo
|c SK
|
| 080 |
|
|
|a 379.844-051
|2 1981
|
| 080 |
|
|
|a 338.48
|2 1981
|
| 100 |
1 |
|
|a Bonev, Valentin
|4 aut
|9 970926
|
| 245 |
1 |
0 |
|a Vlijanije materjaľnych (finansovych) vozmožnostej žitelej goroda na ich učastije v processe otdycha
|c Valentin Bonev
|
| 300 |
|
|
|b Res. slov., angl., nem.
|
| 650 |
0 |
7 |
|a rekreácie
|2 snkbucl
|9 114220
|
| 650 |
0 |
7 |
|a mestské obyvateľstvo
|2 snkbucl
|9 105053
|
| 655 |
|
7 |
|a články zo zborníkov
|2 snkbucl
|9 166140
|
| 773 |
0 |
|
|t Koncepcia a tvorba sféry zotavenia a rekreácie obyvateľov miest. 1. časť
|d Banská Bystrica : Dom techniky ČSVTS, 1989
|g S. 115-117
|
| 850 |
|
|
|a Slovenská národná knižnica v Martine
|a MTA001
|
| 852 |
|
|
|a SNK
|b KIS3GCP
|
| 958 |
|
|
|a RK
|
| 992 |
|
|
|a RZB
|
| 999 |
|
|
|c 1552705
|d 1554635
|